00504nam a2200193 a 4500001001300000003000900013005001700022008004100039020000900080082001700089100001900106245005000125260003600175300000900211500003500220505001300255650002300268700001900291nice12345678IN_TiNIC20260116011815.0050524s1978 luca grp 000 0 urd  ac1500a297.409bNAQ aNaqwi, Murtaza aKhawaja Hasan Nizami, Hayat Aur Adabi Khidmat aLucknowbNaseem Book Depoc1978 a396p aincludes index and biblioraphy2 aappendix aSufism-Hagiography1 aNaqwi, Murtaza